LEADER 01136nam--2200385---450- 001 990003236630203316 005 20090506120429.0 010 $a0669862150 035 $a000323663 035 $aUSA01000323663 035 $a(ALEPH)000323663USA01 035 $a000323663 100 $a20090506d1974----km-y0itay50------ba 101 $aeng 102 $aUS 105 $a||||||||001yy 200 1 $aInvestment portfolio decision-making$fedited by James L. Bicksler, Paul A. Samuelson 210 $aLexington, Mass$cLexington Books$d1974 215 $aXIII, 368 p.$cill.$d24 cm 410 0$12001 454 1$12001 461 1$1001-------$12001 606 0 $aInvestimenti$xAnalisi$xModelli matematici 676 $a332.671 702 1$aSAMUELSON,$bPaul Anthony 702 1$aBICKSLER,$bJames L. 801 0$aIT$bsalbc$gISBD 912 $a990003236630203316 951 $a332.671 INV 1$b47164 EC$c332.671$d00208040 959 $aBK 969 $aECO 979 $aRSIAV4$b90$c20090506$lUSA01$h1202 979 $aRSIAV4$b90$c20090506$lUSA01$h1204 996 $aInvestment portfolio decision-making$9462375 997 $aUNISA LEADER 02250oam 2200601 450 001 9910715343503321 005 20210713102806.0 035 $a(CKB)5470000002510600 035 $a(OCoLC)1240162479 035 $a(EXLCZ)995470000002510600 100 $a20210301d2021 ua 0 101 0 $aeng 135 $aur||||||||||| 181 $ctxt$2rdacontent 182 $cc$2rdamedia 183 $acr$2rdacarrier 200 10$aBusiness meeting $emeeting before the Committee on Environment and Public Works, United States Senate, One Hundred Sixteenth Congress, first session, December 17, 2019 210 1$aWashington :$cU.S. Government Publishing Office,$d2021. 215 $a1 online resource (iv, 246 pages) 225 1 $aS. hrg. ;$v116-223 320 $aIncludes bibliographical references. 517 $aBusiness meeting 606 $aConservation of natural resources$xLaw and legislation$zUnited States 606 $aWildlife conservation$xLaw and legislation$zUnited States 606 $aCorridors (Ecology)$zUnited States 606 $aRoadside improvement$xLaw and legislation$zUnited States 606 $aConservation of natural resources$xLaw and legislation$2fast 606 $aCorridors (Ecology)$2fast 606 $aExpenditures, Public$2fast 606 $aRoadside improvement$xLaw and legislation$2fast 606 $aWildlife conservation$xLaw and legislation$2fast 607 $aUnited States$2fast 608 $aLegislative hearings.$2fast 608 $aLegislative hearings.$2lcgft 615 0$aConservation of natural resources$xLaw and legislation 615 0$aWildlife conservation$xLaw and legislation 615 0$aCorridors (Ecology) 615 0$aRoadside improvement$xLaw and legislation 615 7$aConservation of natural resources$xLaw and legislation. 615 7$aCorridors (Ecology) 615 7$aExpenditures, Public. 615 7$aRoadside improvement$xLaw and legislation. 615 7$aWildlife conservation$xLaw and legislation. 801 0$bGPO 801 1$bGPO 801 2$bOCLCO 801 2$bDWP 801 2$bOCLCF 801 2$bGPO 906 $aBOOK 912 $a9910715343503321 996 $aBusiness meeting$93184312 997 $aUNINA